Against superstition, witchcraft and demon possession {ch} : (Record no. 34342)
[ view plain ]
| 000 -LEADER | |
|---|---|
| fixed length control field | 00986nam a2200217 4500 |
| 008 - FIXED-LENGTH DATA ELEMENTS--GENERAL INFORMATION | |
| fixed length control field | 100604s1989 hk abf b 000 0 chi d |
| 020 ## - INTERNATIONAL STANDARD BOOK NUMBER | |
| International Standard Book Number | 9627048690 :gift |
| 090 ## - LOCALLY ASSIGNED LC-TYPE CALL NUMBER (OCLC); LOCAL CALL NUMBER (OCLC) | |
| Classification number (OCLC) (R) ; Classification number, CALL (RLIN) (NR) | BL1060 |
| Local cutter number (OCLC) ; Book number/undivided call number, CALL (RLIN) | T54a |
| -- | 1989 |
| -- | v. III |
| 100 1# - MAIN ENTRY--PERSONAL NAME | |
| Personal name | Tjandra, Lukas |
| 245 10 - TITLE STATEMENT | |
| Title | Against superstition, witchcraft and demon possession {ch} : |
| Remainder of title | folk religion among the Chinese in Southeast AsiaDong nan Ya Hua ren min jian zong jiao / |
| Statement of responsibility, etc | Chen Runtang zhu. |
| 246 1# - VARYING FORM OF TITLE | |
| Display text | At head of title: |
| Title proper/short title | Bo mi, pi xie, gan gui di 2 ji. |
| 260 ## - PUBLICATION, DISTRIBUTION, ETC. (IMPRINT) | |
| Place of publication, distribution, etc | Xianggang : |
| Name of publisher, distributor, etc | Ji dao shu lou you xian gong si, |
| Date of publication, distribution, etc | 1989. |
| 300 ## - PHYSICAL DESCRIPTION | |
| Extent | viii, 253 p., [12] p. of plates : |
| Other physical details | ill. (some col.), maps ; |
| Dimensions | 21 cm. |
| 500 ## - GENERAL NOTE | |
| General note | Includes biliographical references: (p. 244-253) |
| 650 #4 - SUBJECT ADDED ENTRY--TOPICAL TERM | |
| Topical term or geographic name as entry element | Chinese |
| Geographic subdivision | Southeast Asia {ch}. |
| 650 #4 - SUBJECT ADDED ENTRY--TOPICAL TERM | |
| Topical term or geographic name as entry element | Folk religion |
| Geographic subdivision | Southeast Asia {ch}. |
| 651 #4 - SUBJECT ADDED ENTRY--GEOGRAPHIC NAME | |
| Geographic name | Southeast Asia |
| General subdivision | Religion {ch}. |
| 951 ## - EQUIVALENCE OR CROSS-REFERENCE-GEOGRAPHIC NAME/AREA NAME [OBSOLETE] [CAN/MARC only] | |
| General subdivision | 00038953 |
| 700 1# - ADDED ENTRY--PERSONAL NAME | |
| Personal name | Chen, Runtang. |
| 951 ## - EQUIVALENCE OR CROSS-REFERENCE-GEOGRAPHIC NAME/AREA NAME [OBSOLETE] [CAN/MARC only] | |
| -- | C-9710 |
| -- | SP-CBL1060/T54a/1989/v. III |
| -- | 100603171959984 |
| -- | 2000-12-21 |
| -- | SP-C CH |
| Withdrawn status | Lost status | Damaged status | Not for loan | Home library | Current library | Shelving location | Date acquired | Accession number | Shelving control number | Total Checkouts | Full call number | Barcode | Date last seen | Price effective from | Koha item type |
|---|---|---|---|---|---|---|---|---|---|---|---|---|---|---|---|
| BSOP Library | BSOP Library | Special Collections Chinese | 12/21/2000 | C-9710 | 127 | SP-CBL1060/T54a/1989/v. III | 00038953 | 02/23/2013 | 02/23/2013 | Books |
